Central Library OPAC University of Rajshahi

Imperialism condemned / (Record no. 36435)

MARC details
000 -LEADER
fixed length control field 00776nam a2200253 a 4500
001 - CONTROL NUMBER
control field 36435
003 - CONTROL NUMBER IDENTIFIER
rucl marc code BD-RjUL
005 - DATE AND TIME OF LATEST TRANSACTION
control field 20211209052503.0
008 - FIXED-LENGTH DATA ELEMENTS--GENERAL INFORMATION
fixed length control field 140623s1985 ru 000 0 eng
035 ## - SYSTEM CONTROL NUMBER
System control number (BD-RjUL)36532
040 ## - CATALOGING SOURCE
Original cataloging agency DLC
Transcribing agency DLC
Modifying agency DLC
-- BD-RjUL
Language of cataloging eng
041 1# - LANGUAGE CODE
Language code of text/sound track or separate title eng
Language code of original rus
082 00 - DEWEY DECIMAL CLASSIFICATION NUMBER
Classification number 325.32
Edition number 20
Author mark and year IMP 1985
245 10 - TITLE STATEMENT
Title Imperialism condemned /
Statement of responsibility, etc. compiled by Vladimir Brodetsky.
260 ## - PUBLICATION, DISTRIBUTION, ETC. (IMPRINT)
Place of publication, distribution, etc. Moscow :
Name of publisher, distributor, etc. Novosti Press Agency Pub. House,
Date of publication, distribution, etc. 1985.
300 ## - PHYSICAL DESCRIPTION
Pagination 109 p. ;
Size 20 cm.
500 ## - GENERAL NOTE
General note Title on colophon: Obvini︠a︡etsi︠a︡ imperializm.
650 #0 - SUBJECT ADDED ENTRY--TOPICAL TERM
Topical term or geographic name as entry element Imperialism.
9 (RLIN) 110884
700 1# - ADDED ENTRY--PERSONAL NAME
Personal name Brodetsky, Vladimir.
942 ## - ADDED ENTRY ELEMENTS (KOHA)
Source of classification or shelving scheme Dewey Decimal Classification
Koha item type Books
Holdings
Lost status Source of classification or shelving scheme Damaged status Not for loan Collection code Permanent Location Current Location Shelving location Date acquired Source of acquisition Total Checkouts Full call number Date last seen Copy number Koha item type
  Dewey Decimal Classification   Not For Loan Non-fiction Central Library, University of Rajshahi Central Library, University of Rajshahi Reading Room 20/08/1991 Shamsun Nahar   325.32 IMP 1985 23/06/2014 C-1 Books